Country flags hard - Statistics

General Stats
  • This quiz has been taken 50 times
  • The average score is 13 of 16
Answer Stats
Picture Answer % Correct
Cyprus
95%
Kenya
93%
Qatar
93%
Estonia
88%
Bahrain
86%
Uganda
86%
Ethiopia
83%
Oman
81%
Yemen
81%
Kuwait
76%
Niger
76%
Sudan
74%
Palau
67%
Kiribati
64%
South Sudan
62%
Vanuatu
60%
No matching quizzes found
Score Distribution
Percent of People with Each Score
Percentile by Number Answered
Your Score History
You have not taken this quiz